All NA LCS Players Quiz Stats

 Plays Quiz not verified by Sporcle

Score 0/125 Timer 20:00
0 Plays Today
Player % Correct
Bjergsen
93.5%
Doublelift
91.1%
Dyrus
88.1%
Wildturtle
87.4%
Sneaky
87%
Meteos
83.3%
Aphromoo
82.9%
Hai
82.3%
Zionspartan
80.5%
Balls
79.5%
LemonNation
77.8%
Pobelter
77.5%
Lustboy
76.1%
Santorin
75.1%
Xpecial
74.4%
Piglet
74.1%
Reginald
73.4%
Impact
72.7%
Imaqtpie
71.7%
Xmithie
71.7%
Hauntzer
70.6%
IWillDominate
69.6%
TheOddOne
68.9%
Adrian
67.6%
Rush
66.9%
Kiwikid
66.2%
Scarra
64.8%
Apollo/Wizfujiin
64.2%
XiaoWeiXiao
64.2%
Fenix
63.1%
Quas
63.1%
Amazing
62.5%
Voyboy
62.1%
Incarnation
61.1%
Saintvicious
60.8%
Link
60.4%
Cop
60.1%
Crumbzz
59.7%
HotshotGG
59.7%
Krepo
59%
Shiphtur
59%
Bunny FuFuu
58.4%
Player % Correct
Keane
57.3%
Altec
56.7%
Chaox
56.7%
Seraph
55.6%
Smoothie
54.9%
Gate
52.9%
Maplestreet
52.2%
Chauster
51.2%
Gleebglarbu
51.2%
Dexter
50.9%
DontMashMe
50.5%
Goldenglue
50.2%
Helios
50.2%
Zuna
49.8%
Ninja
49.1%
Nientonsoh
49.1%
Cris
48.5%
Keith
48.5%
Ackerman
48.1%
CoreJJ
48.1%
Gamsu
48.1%
Mancloud
46.4%
Innox
46.1%
Prolly
46.1%
CruzerTheBruzer
45.4%
RobertxLee
45.4%
Yellowpete
45.4%
Bloodwater
45.1%
Move
44.7%
NintendudeX
44.7%
Slooshi
44.7%
Westrice
44.7%
Mor
44.4%
Noname
44.4%
Emperor
44%
Kez
44%
Dodo
44%
Snoopeh
44%
Calitrlolz
43.3%
Edward
43%
Sheep
43%
Vasilii
43%
Player % Correct
Benny/Sycho Sid
42.7%
BigFatLP
42.7%
Patoy
42.7%
PorpoisePops
42.3%
Otter
42%
Avalon
41%
Bubbadub
41%
Elementz
41%
Nyjacky
41%
Daydreamin
40.6%
Flaresz
40.6%
Trashy
40.6%
KonKwon
40.3%
Azingy
39.2%
Bischu
38.9%
Brokenshard
38.6%
Jesiz
38.6%
Rhux
38.2%
Bodydrop
37.9%
Ecco
37.9%
Jintae
37.9%
Megazero
37.9%
Zekent
37.2%
Vileroze
36.9%
Impaler
36.5%
MeyeA
36.2%
Nick Wu
36.2%
NkInc
36.2%
Imagine
35.8%
Evaniskus
35.5%
Clakey D
35.2%
Lautemortis
35.2%
Chuuper
34.5%
Lattman
34.5%
Baby
34.1%
Brunch U
34.1%
CloudNguyen
34.1%
Heartbeat
33.8%
Muffinqt
33.1%
Paragon
32.8%
WTHeaven
31.7%

You're not logged in!

Compare scores with friends on all Sporcle quizzes.
OR
Log In

Sporcle TV

Today on Sporcle TV


Watch our educational content, quiz creation guides, and fun videos on Sporcle TV.

Show Comments

Extras

Top Quizzes Today


Score Distribution

Your Account Isn't Verified!

In order to create a playlist on Sporcle, you need to verify the email address you used during registration. Go to your Sporcle Settings to finish the process.

Report this User

Report this user for behavior that violates our Community Guidelines.

Details: